Roman society in Gaul in the merovigian age / (Record no. 56550)

MARC details
000 -LEADER
campo de control de longitud fija 00449nam a2200145 i 4500
001 - NÚMERO DE CONTROL
campo de control 56550
003 - IDENTIFICADOR DE NÚMERO DE CONTROL
campo de control ES-MaACL
007 - CAMPO FIJO DE DESCRIPCIÓN FÍSICA--INFORMACIÓN GENERAL
campo de control de longitud fija t|
008 - DATOS DE LONGITUD FIJA--INFORMACIÓN GENERAL
campo de control de longitud fija 031010s1926 xxk ||||1| eng d
100 1# - ENTRADA PRINCIPAL--NOMBRE DE PERSONA
Nombre de persona Dill, Samuel.
9 (RLIN) 44811
245 10 - MENCIÓN DEL TÍTULO
Título Roman society in Gaul in the merovigian age /
Mención de responsabilidad, etc. by Samuel Dill.
260 ## - PUBLICACIÓN, DISTRIBUCIÓN, ETC.
Lugar de publicación, distribución, etc. London :
Nombre del editor, distribuidor, etc. Macmillan and Cº,
Fecha de publicación, distribución, etc. 1926 (
Lugar de fabricación/manufactura Edinburgh :
Fabricante R. and R. Clark)
300 ## - DESCRIPCIÓN FÍSICA
Extensión XIII, 566 p. ;
Dimensiones 23 cm.
852 ## - LOCALIZACIÓN
Ubicación ES-MaACL
Número de control de estantería E-1749
Sublocalización o colección R.22538
Holdings
Estatus retirado Estado de pérdida Estado de daño No para préstamo Biblioteca de origen Biblioteca actual Ubicación en estantería Fecha de adquisición Fuente de adquisición Total de préstamos Signatura topográfica completa Código de barras Visto por última vez Precio de reemplazo Tipo de ítem Koha
        Biblioteca del Ateneo de Madrid Biblioteca del Ateneo de Madrid Depósito 2 17/01/2008     E-1749 1059390 23/02/2023 23/02/2023 Libro impreso